Central Library OPAC University of Rajshahi

Gravity currents in the environment and the laboratory / (Record no. 68705)

MARC details
000 -LEADER
fixed length control field 00794nam a2200253 a 4500
001 - CONTROL NUMBER
control field 68705
003 - CONTROL NUMBER IDENTIFIER
rucl marc code BD-RjUL
005 - DATE AND TIME OF LATEST TRANSACTION
control field 20211209081812.0
008 - FIXED-LENGTH DATA ELEMENTS--GENERAL INFORMATION
fixed length control field 960319s1997 enka b 001 0 eng
020 ## - INTERNATIONAL STANDARD BOOK NUMBER
International Standard Book Number 0521561094 (hbk)
035 ## - SYSTEM CONTROL NUMBER
System control number (BD-RjUL)68915
040 ## - CATALOGING SOURCE
Original cataloging agency DLC
Transcribing agency DLC
Modifying agency DLC
Language of cataloging eng
041 ## - LANGUAGE CODE
Language code of text/sound track or separate title eng
082 00 - DEWEY DECIMAL CLASSIFICATION NUMBER
Edition number 23
Classification number 532.051
Author mark and year SIG 1997
100 1# - MAIN ENTRY--PERSONAL NAME
Personal name Simpson, John E.,
Dates associated with a name 1915-
9 (RLIN) 203649
245 10 - TITLE STATEMENT
Title Gravity currents in the environment and the laboratory /
Statement of responsibility, etc. John E. Simpson.
250 ## - EDITION STATEMENT
Edition statement 2nd ed.
260 ## - PUBLICATION, DISTRIBUTION, ETC. (IMPRINT)
Place of publication, distribution, etc. Cambridge, U.K. ;
-- New York, NY, USA :
Name of publisher, distributor, etc. Cambridge University Press,
Date of publication, distribution, etc. 1997.
300 ## - PHYSICAL DESCRIPTION
Pagination xiii, 244 p. :
Illustrations ill. ;
Size 26 cm.
504 ## - BIBLIOGRAPHY, ETC. NOTE
Bibliography, etc Includes bibliographical references and index.
650 #0 - SUBJECT ADDED ENTRY--TOPICAL TERM
Topical term or geographic name as entry element Gravity.
9 (RLIN) 147545
Topical term or geographic name as entry element Fluid dynamics.
9 (RLIN) 203650
942 ## - ADDED ENTRY ELEMENTS (KOHA)
Source of classification or shelving scheme Dewey Decimal Classification
Koha item type Books
Holdings
Lost status Source of classification or shelving scheme Damaged status Not for loan Collection code Permanent Location Current Location Shelving location Date acquired Source of acquisition Cost, normal purchase price Total Checkouts Full call number Date last seen Copy number Koha item type
  Dewey Decimal Classification   Not For Loan Non-fiction Central Library, University of Rajshahi Central Library, University of Rajshahi Electronic Books 30/04/2006 Paragon Enterprise ltd., Dhaka 65.00   532.051 SIG 1997 05/04/2017 C-1 Books